| 000 | 00514nam a2200205Ia 4500 | ||
|---|---|---|---|
| 008 | 170918s9999 xx 000 0 und d | ||
| 020 | _a9780439574266 | ||
| 050 | _bK939 2003 | ||
| 100 | _aKrovatin, Christopher | ||
| 245 | 4 | _aThe best ghost stories ever / | |
| 245 | _cedited by Christopher Krovatin. | ||
| 260 | _aNew York : | ||
| 260 | _bScholastic, | ||
| 260 | _c2003 | ||
| 300 | _a180 pages : | ||
| 300 | _billustrations ; | ||
| 300 | _c17cm. | ||
| 300 | _eScholastic classics. | ||
| 500 | _a1200 | ||
| 999 |
_c344355 _d344355 |
||